| 000 | 00449nam a2200121Ia 4500 | ||
|---|---|---|---|
| 008 | 220204s9999 xx 000 0 und d | ||
| 082 |
_aNR:62:678.061PRO _bLAT |
||
| 245 | 0 | _aLatex protein allergy : The latest position-Conference papers held at La Maison de la Chimie, Paris on 11th January 1995 | |
| 260 |
_aLondon _bCrain Communications _c1995 |
||
| 650 | _aNatural rubber | ||
| 650 | _aSynthetic alternativesMolecular characterization | ||
| 942 | _cBK | ||
| 999 |
_c40973 _d40973 |
||